000 00587nam a22001937a 4500
005 20251108173105.0
008 250721s2003 xx 000 0 ara d
082 1 4 _a371.334/ فار
100 1 _aالفار، إبراهيم عبد الوكيل
245 1 0 _aطرق تدريس الحاسوب {1} /
264 1 _aعمان :
_bدار الفكر للنشر و التوزيع،
_c2003.
300 _aج1.
650 1 7 _aالتربية
650 1 7 _aالحواسيب
650 1 7 _aطرق التدريس
650 1 7 _aأساليب التدريس
942 _2ddc
_cBK
999 _c95808
_d95808